| 000 | 00574nam a2200181 i 4500 | ||
|---|---|---|---|
| 001 | 137636 | ||
| 003 | ES-MaACL | ||
| 005 | 20230906195419.0 | ||
| 007 | t| | ||
| 008 | 070214s1983 sp r ||||1| spa d | ||
| 100 | 1 |
_aSalcedo Luengo, J. _9101852 |
|
| 245 | 1 | 0 |
_aTratamiento ortésico de la escoliosis / _cJ. Salcedo Luengo. |
| 260 |
_aMadrid : _bAsociación de Ortopédicos Españoles, _c1983. |
||
| 300 |
_a332 p. : _bil. ; _c25 cm. |
||
| 650 | 4 |
_aEscoliosis. _9147021 |
|
| 710 | 2 |
_aAsociación de Ortopédicos Españoles. _91620 |
|
| 852 |
_aES-MaACL _jL-7501 _bR.108150 |
||
| 999 |
_c137636 _d137636 |
||